Políticas públicas para diversidad en Bogotá: la incidencia de las mujeres /

Na minha lista:
Detalhes bibliográficos
Autor principal: Fuentes Vásquez, Lya Yaneth
Formato: Texto
Tags: Adicionar Tag
Sem tags, seja o primeiro a adicionar uma tag!

MARC

LEADER 00000 a a2200000 04500
001 10209
003
040
100 |a Fuentes Vásquez, Lya Yaneth  
245 |a Políticas públicas para diversidad en Bogotá: la incidencia de las mujeres /  |c Lya Yaneth Fuentes Vásquez 
773 |g número 30; páginas 148-162  
999 |c 39479  |d 39479